Normal view
MARC view
- Poussier, Audrey,
Entry Nombre Personal
001 - NUMERO DE CONTROL
- campo de control: 33199
003 - IDENTIFICADOR DE NUMERO DE CONTROL
- campo de control: UPN
005 - FECHA Y HORA DE LA ÜLTIMA TRANSACCIÓN
- campo de control: 20210219194440.0
008 - DATOS DE LONGITUD FIJA
- campo de control de longitud fija: nabaccnnaabn|||||||||| b |nc|||||d
035 ## - NUMERO DE CONTROL
- Número de control: UPN11000005306
040 ## - FUENTE DE CATALOGACIÓN
- Lenguaje de catalogación: SPA
- Agencia de transcripción: UPN
100 1# - ENCABEZAMIENTO - NOMBRE PERSONAL
- Nombre personal: Poussier, Audrey,
- Fechas asociadas con el nombre: 1978-
670 ## - FUENTE EN LA QUE SE LOCALIZARON DATOS
- Cita de la fuente: T
- Uniform Resource Identifier: http://www.anayainfantilyjuvenil.com/core.php?opcion=ficha_autor&id_autor=100035001
680 ## - NOTA PUBLICA DE ACCESO PÚBLICO
- Frase explicativa de la referencia: Ilustradora y escritora inglesa
902 ## - CATALOGADOR
- Catalogador: CAA/150213
